000 00700 a2200205 4500
999 _c7713
_d7713
020 _a0072510773
050 0 0 _aHG 4521 BOD 2004
100 1 _aBodie, Zvi
_eauthor
245 1 0 _aEssentials of investments /
_cZvi Bodie, Alex Kane and Alan J. Marcus.
250 _a5th ed.
264 _aNew York :
_bMcGraw-Hill,
_c2004
300 _a765p.:
_bill. (col.)
440 0 _aIrwin/McGraw-Hill series in finance, insurance, and real estate
500 _aIncludes bibliographical references and index
504 _aIncludes bibliographical references and index
650 0 _aInvestments.
700 1 _aKane, Alex,
_eauthor
700 1 _aMarcus, Alan J.
_eauthor
942 _2lcc
_cBK
_e5th ed.
_h4521
_iBOD
_kHG